[Event "Regionalliga NW 1415"]
[Site "Bayern"]
[Date "2015.02.01"]
[Round "6.7"]
[White "Stroh, Sergej"]
[Black "Paeslack, Luis"]
[Result "0-1"]
[WhiteElo "1821"]
[BlackElo "1725"]
[PlyCount "74"]
[EventDate "2014.10.19"]
[EventType "team-tourn"]
[EventRounds "9"]
[EventCountry "GER"]
[SourceTitle "EXT 2018"]
[Source "ChessBase"]
[SourceDate "2017.10.13"]
[SourceVersion "1"]
[SourceVersionDate "2017.10.13"]
[SourceQuality "1"]
[WhiteTeam "Aschaffenburg Schweinheim"]
[BlackTeam "Mainaschaff"]
[WhiteTeamCountry "GER"]
[BlackTeamCountry "GER"]

1. Nf3 d5 2. c4 c6 3. b3 Nf6 4. g3 Bf5 5. Bb2 Nbd7 6. Bg2 g6 7. Nd4 Be4 8. f3 Bxb1 9. Qxb1 e5 10. Nc2 Bg7 11. 0-0 0-0 12. e3 Re8 13. d3 Rc8 14. e4 Qc7 15. b4 b6 16. Rd1 a6 17. Ne3 d4 18. Nf1 c5 19. a3 Qd6 20. Bc1 b5 21. cxb5 axb5 22. bxc5 Qxc5 23. Bd2 Qb6 24. Bb4 Nc5 25. Bh3 Rc7 26. Bxc5 Rxc5 27. a4 b4 28. Nd2 Rc3 29. Nc4 Qc5 30. a5 b3 31. Kg2 Rb8 32. Rd2 Bh6 33. Re2 Qb4 34. a6 Qe7 35. a7 Ra8 36. Rb2 Rc1 37. Rxb3 Rxb1 0-1